Ética 1 (Registro nro. 9612)
[ vista simple ]
| 000 -LEADER | |
|---|---|
| fixed length control field | 01240nam a2200205Ia 4500 |
| 005 - FECHA Y HORA DE LA ÚLTIMA TRANSACCIÓN | |
| control field | 20241021132937.0 |
| 008 - FIXED-LENGTH DATA ELEMENTS--GENERAL INFORMATION | |
| fixed length control field | 231003s9999 xx 000 0 und d |
| 020 ## - INTERNATIONAL STANDARD BOOK NUMBER | |
| International Standard Book Number | 978-607-744-991-1 |
| 040 ## - CATALOGING SOURCE | |
| Original cataloging agency | UPAN |
| Transcribing agency | Biblioteca San Vicente |
| Description conventions | RCAA2 |
| 041 ## - LANGUAGE CODE | |
| Language code of text/sound track or separate title | spa |
| 082 ## - DEWEY DECIMAL CLASSIFICATION NUMBER | |
| Classification number | 177 |
| Item number | P661e |
| año de publicación | 2019 |
| 100 ## - MAIN ENTRY--PERSONAL NAME | |
| Personal name | Piña Osorio, Juan Manuel |
| Relator code | aut. |
| 245 #0 - TITLE STATEMENT | |
| Title | Ética 1 |
| 260 ## - PUBLICATION, DISTRIBUTION, ETC. (IMPRINT) | |
| Place of publication, distribution, etc | México: |
| Name of publisher, distributor, etc | Patria, |
| Date of publication, distribution, etc | 2019 |
| 300 ## - PHYSICAL DESCRIPTION | |
| Extent | 119 p.; |
| Dimensions | 28 cm. |
| 505 ## - FORMATTED CONTENTS NOTE | |
| Formatted contents note | 1: La ética como disciplina filosófica.<br/>1.1 Origen de la ética y su relación con la filosofía. <br/>1.2 Diferencia entre ética y moral <br/>1.3 Relación de la ética con la axiología y la estética <br/>1.4 Principales escuelas éticas del pensamiento filosófico. <br/>2: Axiología y ética. <br/>2.1 Valores y antivalores. <br/>2.2 Juicios valorativos. <br/>2.3 Jerarquía de los valores <br/>2.4 Tipos de actos morales. <br/>2.5 Códigos morales del pasado. <br/>3: La ética en diversos contextos. <br/>3.1 Tipos de normas. <br/>3.2 Contexto individual <br/>3.3 Contexto familiar. <br/>3.4 Contexto social. <br/>4: Derechos humanos y democracia. <br/>4.1 Derechos humanos <br/>4.2 Formas de gobierno y democracia. |
| 650 ## - SUBJECT ADDED ENTRY--TOPICAL TERM | |
| Source of heading or term | LEMB |
| General subdivision | Ética |
| 700 ## - ADDED ENTRY--PERSONAL NAME | |
| Personal name | Chavez Arellano, María Eugenia. |
| Relator code | aut. |
| 942 ## - ADDED ENTRY ELEMENTS (KOHA) | |
| Koha item type | Libros |
| Source of classification or shelving scheme | Dewey Decimal Classification |
| Withdrawn status | Lost status | Source of classification or shelving scheme | Damaged status | Not for loan | Collection code | Home library | Current library | Date acquired | Total Checkouts | Full call number | Barcode | Date last seen | Copy number | Price effective from | Koha item type |
|---|---|---|---|---|---|---|---|---|---|---|---|---|---|---|---|
| Dewey Decimal Classification | Colección General | Biblioteca UPAN San Vicente | Biblioteca UPAN San Vicente | 03/10/2023 | 177 P661e | 12004204 | 03/10/2023 | 01 | 03/10/2023 | Libros | |||||
| Dewey Decimal Classification | Colección General | Biblioteca UPAN San Vicente | Biblioteca UPAN San Vicente | 04/10/2023 | 177 P661e | 12004203 | 04/10/2023 | 02 | 04/10/2023 | Libros | |||||
| Dewey Decimal Classification | Colección General | Biblioteca UPAN San Vicente | Biblioteca UPAN San Vicente | 04/10/2023 | 177 P661e | 12004202 | 04/10/2023 | 03 | 04/10/2023 | Libros |